[Event "Titled Tuesday 4th Jan"]
[Site "chess.com INT"]
[Date "2022.01.04"]
[Round "10"]
[White "Maltsevskaya, Aleksandra"]
[Black "Prieto Aranguren, A."]
[Result "0-1"]
[WhiteElo "2410"]
[BlackElo "2256"]
[PlyCount "54"]
[EventDate "2022.01.04"]
[EventType "swiss (blitz)"]
[EventRounds "11"]
[SourceTitle "The Week in Chess 1418"]
[Source "Mark Crowther"]
[SourceDate "2022.01.10"]
[SourceVersion "1"]
[SourceVersionDate "2022.01.10"]
[SourceQuality "2"]

1. e4 e5 2. Nf3 d5 3. Qe2 dxe4 4. Nxe5 Bd6 5. d4 exd3 6. Nxd3+ Ne7 7. g3 O-O 8.
Bg2 Nbc6 9. O-O Nd4 10. Qd1 c6 11. c3 Ne6 12. Re1 Qe8 13. Nd2 Bb8 14. Ne4 a5
15. Bh6 Qd8 16. Be3 Nd5 17. Qe2 Nxe3 18. Qxe3 Ba7 19. Qe2 Ng5 20. Rad1 Nxe4 21.
Bxe4 Qf6 22. Nf4 Bf5 23. Kg2 Rae8 24. Qf3 Rxe4 25. Rxe4 g5 26. Nh5 Bh3+ 27.
Kxh3 Qxf3 0-1

[Event "Titled Tuesday 28th Dec"]
[Site "chess.com INT"]
[Date "2021.12.28"]
[Round "5"]
[White "Baches Garcia, G."]
[Black "Skatchkov, Valery"]
[Result "1/2-1/2"]
[WhiteElo "2329"]
[BlackElo "2263"]
[PlyCount "103"]
[EventDate "2021.12.28"]
[EventType "swiss (blitz)"]
[EventRounds "11"]
[SourceTitle "The Week in Chess 1417"]
[Source "Mark Crowther"]
[SourceDate "2022.01.03"]
[SourceVersion "1"]
[SourceVersionDate "2022.01.03"]
[SourceQuality "2"]

1. e4 e5 2. Nf3 d5 3. d3 dxe4 4. dxe4 Qxd1+ 5. Kxd1 Nc6 6. Bd3 Bg4 7. Nbd2
O-O-O 8. h3 Bh5 9. g4 Bg6 10. Ke2 Bc5 11. Nc4 f6 12. Be3 Bxe3 13. Nxe3 Nge7 14.
a3 Rhe8 15. Rad1 Nd4+ 16. Nxd4 exd4 17. Ng2 f5 18. e5 h5 19. f4 hxg4 20. Nh4
Bh5 21. Rdg1 gxh3+ 22. Kd2 Bg4 23. Be2 Rh8 24. Bxg4 Rxh4 25. Bxh3 Rxf4 26. Rxg7
Nc6 27. e6 Re8 28. Rf7 Rf2+ 29. Kc1 Nd8 30. Bxf5 Kb8 31. Rf6 Re2 32. Rh7 a6 33.
Rd7 Nxe6 34. Bxe6 Re1+ 35. Kd2 R8xe6 36. Rxe6 Rxe6 37. Rd8+ Ka7 38. Rxd4 Kb6
39. b3 Rh6 40. a4 Rh2+ 41. Kc3 c5 42. Rg4 Rh3+ 43. Kb2 Kc6 44. Rg6+ Kc7 45.
Rg7+ Kb6 46. Rg6+ Ka7 47. Rg5 Kb6 48. Rg6+ Ka5 49. Rg5 Kb4 50. Rg4+ Ka5 51. Rg5
Kb6 52. Rg6+ 1/2-1/2

[Event "Titled Tuesday 28th Dec"]
[Site "chess.com INT"]
[Date "2021.12.28"]
[Round "3"]
[White "Martinez Reyes, P."]
[Black "Skatchkov, Valery"]
[Result "1-0"]
[WhiteElo "2406"]
[BlackElo "2263"]
[PlyCount "79"]
[EventDate "2021.12.28"]
[EventType "swiss (blitz)"]
[EventRounds "11"]
[SourceTitle "The Week in Chess 1417"]
[Source "Mark Crowther"]
[SourceDate "2022.01.03"]
[SourceVersion "1"]
[SourceVersionDate "2022.01.03"]
[SourceQuality "2"]

1. e4 e5 2. Nf3 d5 3. exd5 e4 4. Qe2 Nf6 5. d3 Qd6 6. dxe4 Qd8 7. Nc3 Bb4 8.
Bg5 h6 9. Bd2 O-O 10. O-O-O Re8 11. e5 Bd6 12. Bf4 Nbd7 13. e6 fxe6 14. Bxd6
Nf8 15. Bxf8 Kxf8 16. dxe6 Qe7 17. Ne5 Kg8 18. Ng6 Qb4 19. Qc4 Qa5 20. e7+ Kh7
21. Bd3 Bf5 22. Nh4 Bxd3 23. Qxd3+ Kg8 24. Qc4+ Kh7 25. Qd3+ Kg8 26. Nf5 a6 27.
Rhe1 b5 28. Nxh6+ Kh8 29. Kb1 gxh6 30. Qd4 Qb6 31. Qe5 Kg8 32. Nd5 Nxd5 33.
Qxd5+ Kg7 34. Re3 Qf6 35. Rd4 Rxe7 36. Rg4+ Kh7 37. Qxa8 h5 38. Qg8+ Kh6 39.
Rxe7 hxg4 40. Rh7# 1-0

[Event "Titled Tuesday 7th Dec"]
[Site "chess.com INT"]
[Date "2021.12.07"]
[Round "8"]
[White "Haring, V."]
[Black "Christensen, Thom2"]
[Result "1-0"]
[WhiteElo "2283"]
[BlackElo "2153"]
[PlyCount "111"]
[EventDate "2021.12.07"]
[EventType "swiss (blitz)"]
[EventRounds "11"]
[SourceTitle "The Week in Chess 1414"]
[Source "Mark Crowther"]
[SourceDate "2021.12.13"]
[SourceVersion "1"]
[SourceVersionDate "2021.12.13"]
[SourceQuality "2"]

1. e4 e5 2. Nf3 d5 3. exd5 e4 4. Nd4 Qxd5 5. Nb3 Bd6 6. Nc3 Qe5 7. Qe2 Nf6 8.
d4 exd3 9. Qxe5+ Bxe5 10. Bxd3 Nc6 11. Bd2 Nb4 12. O-O Nxd3 13. cxd3 O-O 14. d4
Bd6 15. Nb5 Bf5 16. Nxd6 cxd6 17. Rfe1 Rfe8 18. Bf4 d5 19. h3 Ne4 20. Nd2 Nxd2
21. Bxd2 Re4 22. Rxe4 dxe4 23. Be3 Be6 24. a3 Bd5 25. Rc1 Bc6 26. h4 f6 27. Rc5
Rd8 28. h5 Kf7 29. g4 g6 30. hxg6+ hxg6 31. Kg2 Ke6 32. Kg3 f5 33. Rc1 Rh8 34.
Rg1 Bb5 35. Rc1 Be2 36. gxf5+ gxf5 37. Bg5 Rg8 38. Kf4 Rh8 39. Rc7 Rh3 40. Re7+
Kd5 41. Kxf5 Rf3+ 42. Kg6 Rxf2 43. Rxb7 a6 44. Rd7+ Kc4 45. Rc7+ Kd3 46. d5 Bg4
47. d6 e3 48. Bxe3 Kxe3 49. Ra7 Be2 50. d7 Rf8 51. Kg7 Rd8 52. Kf7 Bg4 53. Ke7
Rxd7+ 54. Rxd7 Bxd7 55. Kxd7 Kd3 56. Kc6 1-0

[Event "Titled Tuesday 7th Dec"]
[Site "chess.com INT"]
[Date "2021.12.07"]
[Round "6"]
[White "Mayank, Chakraborty"]
[Black "Christensen, Thom2"]
[Result "1-0"]
[WhiteElo "2164"]
[BlackElo "2153"]
[PlyCount "59"]
[EventDate "2021.12.07"]
[EventType "swiss (blitz)"]
[EventRounds "11"]
[SourceTitle "The Week in Chess 1414"]
[Source "Mark Crowther"]
[SourceDate "2021.12.13"]
[SourceVersion "1"]
[SourceVersionDate "2021.12.13"]
[SourceQuality "2"]

1. e4 e5 2. Nf3 d5 3. Nxe5 Bd6 4. d4 dxe4 5. Nc3 Bxe5 6. dxe5 Qxd1+ 7. Nxd1 Nc6
8. Bb5 Nge7 9. Nc3 Bf5 10. Bf4 O-O-O 11. O-O Nd4 12. Ba4 a6 13. Bg5 Ng6 14.
Bxd8 Rxd8 15. Rfe1 Nxe5 16. Nxe4 Nc4 17. c3 Ne6 18. Ng3 Bg6 19. b4 Rd3 20. h4
h6 21. Bc2 Rxc3 22. Bxg6 fxg6 23. Rxe6 Rc2 24. Rxg6 b5 25. Re1 Rxa2 26. Rxg7
Rc2 27. Nf5 Nb2 28. Ree7 Nd3 29. Nd6+ Kb8 30. Ne8 1-0

[Event "Titled Tuesday 30th Nov"]
[Site "chess.com INT"]
[Date "2021.11.30"]
[Round "8"]
[White "Politov, P."]
[Black "Muradov, Soltan"]
[Result "1/2-1/2"]
[WhiteElo "2190"]
[BlackElo "2233"]
[PlyCount "159"]
[EventDate "2021.11.30"]
[EventType "swiss (blitz)"]
[EventRounds "11"]
[SourceTitle "The Week in Chess 1413"]
[Source "Mark Crowther"]
[SourceDate "2021.12.06"]
[SourceVersion "1"]
[SourceVersionDate "2021.12.06"]
[SourceQuality "2"]

1. e4 e5 2. Nf3 d5 3. Nxe5 dxe4 4. Bc4 Nh6 5. d4 Nd7 6. Bxh6 Nxe5 7. dxe5 Qxd1+
8. Kxd1 gxh6 9. Re1 Bf5 10. Nc3 O-O-O+ 11. Kc1 Bg7 12. Nxe4 Bxe5 13. c3 Bf4+
14. Kc2 Rd2+ 15. Kb3 Bxe4 16. Rxe4 Rxf2 17. Bxf7 Bxh2 18. Be6+ Kb8 19. Bh3 Bd6
20. Rae1 a6 21. R4e2 Rhf8 22. Rxf2 Rxf2 23. Re8+ Ka7 24. Rh8 Rf7 25. Re8 b5 26.
a4 Rf2 27. axb5 axb5 28. Rh8 Rf7 29. Be6 Rg7 30. Bd5 Kb6 31. c4 bxc4+ 32. Kxc4
c6 33. Bf3 Bc7 34. Rf8 Re7 35. Rf6 h5 36. Rxc6+ Ka7 37. b3 h4 38. Kc3 Bg3 39.
Rc8 Kb6 40. Kc2 Kb5 41. Rc4 Re5 42. Bc6+ Kb6 43. Bf3 Re3 44. Re4 Rxe4 45. Bxe4
h6 46. Bf5 Kc5 47. Kc3 Be1+ 48. Kd3 Kb4 49. Be6 Bg3 50. Ke2 Bd6 51. Kf3 Be7 52.
Bc4 Bg5 53. Ke2 Kc3 54. Kf3 Kb4 55. Kg4 Kc3 56. Bg8 Kb4 57. Bf7 Kc3 58. Be6 Kb4
59. Bg8 Kc3 60. Kh3 Kb4 61. Kg4 Kc3 62. Kf3 Kb4 63. Ke2 Kc3 64. Bf7 Kb4 65. Kd3
Kc5 66. Kc3 Bf6+ 67. Kd3 Kb4 68. Ke4 Kc3 69. Kf5 Bg5 70. Kg4 Kb4 71. Kf5 Ka3
72. Kg4 Bf6 73. Kh3 Kb4 74. Kg4 Kc5 75. Kh3 Kd6 76. Kg4 Ke7 77. Bc4 Kd6 78. Kh3
Kc5 79. Kg4 Kb4 80. Kh3 1/2-1/2

[Event "Rated Blitz game"]
[Site "?"]
[Date "2021.11.30"]
[Round "?"]
[White "madchynos"]
[Black "Annali-annaliew1979"]
[Result "1-0"]
[WhiteElo "2271"]
[BlackElo "2439"]
[PlyCount "57"]
[EventDate "2021.??.??"]
[EventType "blitz"]

1. e4 e5 2. Nf3 d5 3. exd5 e4 4. Nd4 c5 5. Nb3 f5 6. c4 Nf6 7. Be2 Bd6 8. d3
O-O 9. Bg5 Nbd7 10. Nc3 Qe8 11. dxe4 Nxe4 12. Be3 a6 13. Qc2 Ndf6 14. O-O-O
Nxc3 15. Qxc3 b6 16. Bf3 f4 17. Bd2 Bf5 18. Rhe1 Qg6 19. g3 fxg3 20. hxg3 a5
21. Bf4 Bxf4+ 22. gxf4 a4 23. Nd2 a3 24. b3 Rfe8 25. Re5 Nd7 26. Re3 Qh6 27.
Rde1 Rf8 28. Re7 Qxf4 29. Qxg7# {Normal} 1-0

[Event "Rated Blitz tournament wFOvuj8x"]
[Site "?"]
[Date "2021.11.30"]
[Round "?"]
[White "stambul65"]
[Black "cuerosky"]
[Result "1-0"]
[WhiteElo "2498"]
[BlackElo "2207"]
[PlyCount "56"]
[EventDate "2021.??.??"]
[EventType "blitz"]

1. e4 e5 2. Nf3 d5 3. d4 dxe4 4. Nxe5 Bd6 5. Nc4 Nf6 6. Nc3 Nc6 7. Bg5 Be7 8.
d5 Nb4 9. d6 cxd6 10. a3 Nc6 11. Bxf6 Bxf6 12. Nxe4 d5 13. Ncd6+ Kf8 14. Qxd5
Be6 15. Qc5 Be7 16. O-O-O Rc8 17. Qe3 Qc7 18. Nxc8 Qxc8 19. Ng5 Bxg5 20. Qxg5
h6 21. Qc5+ Kg8 22. Bb5 Kh7 23. Bxc6 bxc6 24. Rhe1 Re8 25. Qe3 Qc7 26. f4 c5
27. Qe4+ Kg8 28. Qe5 Bd7 {Normal} 1-0

[Event "Rated Blitz game"]
[Site "?"]
[Date "2021.11.30"]
[Round "?"]
[White "AgusPanca"]
[Black "elrond"]
[Result "0-1"]
[WhiteElo "2240"]
[BlackElo "2418"]
[PlyCount "46"]
[EventDate "2021.??.??"]
[EventType "blitz"]

1. e4 e5 2. Nf3 d5 3. exd5 e4 4. Qe2 Nf6 5. c4 Be7 6. Nd4 O-O 7. h3 Re8 8. g4
c6 9. Nc3 cxd5 10. cxd5 Nxd5 11. Nxd5 Qxd5 12. Qc4 Qe5 13. Be2 Bf6 14. Nf5 Bxf5
15. gxf5 Nc6 16. Bg4 Nd4 17. O-O Rac8 18. Qa4 Be7 19. d3 Bd6 20. f4 exf3 21.
Rf2 Ne2+ 22. Kf1 Ng3+ 23. Kg1 Qe1+ {Normal} 0-1

[Event "Rated Blitz game"]
[Site "?"]
[Date "2021.11.30"]
[Round "?"]
[White "walfa1"]
[Black "batasjon"]
[Result "0-1"]
[WhiteElo "2276"]
[BlackElo "2436"]
[PlyCount "122"]
[EventDate "2021.??.??"]
[EventType "blitz"]

1. e4 e5 2. Nf3 d5 3. Nxe5 Bd6 4. d4 dxe4 5. Nc4 Nf6 6. Nxd6+ Qxd6 7. Be2 O-O
8. O-O Nc6 9. c3 Ne7 10. h3 Nfd5 11. c4 Nf4 12. Nc3 Neg6 13. Nxe4 Qxd4 14. Qxd4
Nxe2+ 15. Kh1 Nxd4 16. Be3 Nf5 17. Bc5 Re8 18. Nc3 c6 19. a4 Be6 20. b3 b6 21.
Ba3 Nd4 22. Rab1 Nf4 23. Ne4 c5 24. Nd6 Red8 25. Nb5 Nd3 26. Kg1 a6 27. Nc7 Ra7
28. Nxe6 Nxe6 29. Rbd1 Rad7 30. g3 f5 31. Kg2 f4 32. Kf3 Rf7 33. g4 Ng5+ 34.
Kg2 f3+ 35. Kg3 Ne4+ 36. Kh2 Rfd7 37. Kg1 a5 38. h4 Nc3 39. Rd2 Ne2+ 40. Kh2
Ne5 41. Rxd7 Rxd7 42. Kh3 Rd4 43. g5 h5 44. Bb2 Re4 45. Bxe5 Rxe5 46. Rd1 Kf7
47. Rd6 Re6 48. Rd7+ Kg6 49. Rd8 Nd4 50. Kg3 Re4 51. Rf8 Rg4+ 52. Kh3 Nf5 53.
Kh2 Rxh4+ 54. Kg1 Rd4 55. Kh2 Kxg5 56. Re8 Kg4 57. Re4+ Rxe4 58. Kg1 Kh3 59.
Kf1 Nh4 60. b4 Ng2 61. bxc5 Re1# {Normal} 0-1

[Event "Rated Blitz game"]
[Site "?"]
[Date "2021.11.30"]
[Round "?"]
[White "DavidOjeda"]
[Black "mirekkk14"]
[Result "1-0"]
[WhiteElo "2439"]
[BlackElo "2428"]
[PlyCount "85"]
[EventDate "2021.??.??"]
[EventType "blitz"]

1. e4 e5 2. Nf3 d5 3. exd5 e4 4. Nd4 Qxd5 5. Nb3 Nf6 6. d4 exd3 7. Qxd3 Nc6 8.
Nc3 Qxd3 9. Bxd3 Be6 10. Bb5 O-O-O 11. Bxc6 bxc6 12. Be3 Kb8 13. O-O Nd5 14.
Rad1 Bb4 15. Nxd5 cxd5 16. c3 Bd6 17. Bd4 f6 18. Rfe1 Rhe8 19. Nc5 Bc8 20. b4
c6 21. a4 Kc7 22. a5 Be5 23. f3 Bd7 24. Na6+ Kc8 25. Nc5 Kc7 26. g3 Bd6 27.
Nxd7 Rxe1+ 28. Rxe1 Kxd7 29. Bxa7 Be5 30. Bd4 Bxd4+ 31. cxd4 Rb8 32. Rb1 Kc7
33. Kf2 Kb7 34. b5 Kc7 35. b6+ Kb7 36. Re1 Ka6 37. Re7 Kxa5 38. Rxg7 h5 39. b7
Kb6 40. g4 hxg4 41. fxg4 Rxb7 42. Rxb7+ Kxb7 43. h4 {Normal} 1-0

[Event "Rated Blitz tournament jtdGuq9z"]
[Site "?"]
[Date "2021.11.30"]
[Round "?"]
[White "onyxz"]
[Black "dr_xStranger"]
[Result "0-1"]
[WhiteElo "2447"]
[BlackElo "2671"]
[PlyCount "110"]
[EventDate "2021.??.??"]
[EventType "blitz"]

1. e4 e5 2. Nf3 d5 3. Nxe5 Bd6 4. d4 dxe4 5. Bc4 Bxe5 6. Qh5 Qe7 7. dxe5 Be6 8.
Bxe6 Qxe6 9. Nc3 Nc6 10. Bf4 O-O-O 11. O-O Nd4 12. Rae1 Ne7 13. Rxe4 Nxc2 14.
Bg5 Nd4 15. Bxe7 Qxe7 16. Qg4+ Ne6 17. Ra4 a6 18. b4 Rd4 19. Qe2 Rhd8 20. b5
Rxa4 21. Nxa4 Nd4 22. Qg4+ Qe6 23. Qxe6+ Nxe6 24. bxa6 bxa6 25. Nc3 Rd2 26. Rc1
Nc5 27. g3 Nd3 28. Rf1 Nxe5 29. Kg2 Nd3 30. Ne4 Rxa2 31. Kf3 Rc2 32. Ke3 Ne5
33. Ra1 Rc6 34. f4 Ng4+ 35. Kd4 Nxh2 36. Kd5 Rb6 37. Nc5 Ng4 38. Re1 Nf6+ 39.
Kc4 a5 40. Re7 Rb4+ 41. Kd3 a4 42. Rxf7 Kd8 43. Rxg7 a3 44. Ne6+ Kc8 45. Rxc7+
Kb8 46. Rc2 Nd7 47. Ra2 Rb3+ 48. Kc4 Rxg3 49. Nd4 Nb6+ 50. Kc5 Nd5 51. Nc6+ Kc7
52. Kxd5 Rd3+ 53. Nd4 Rh3 54. Rxa3 Rxa3 55. Nb5+ Kd7 {Time forfeit} 0-1

[Event "Rated Blitz game"]
[Site "?"]
[Date "2021.11.30"]
[Round "?"]
[White "Sonata2"]
[Black "Schachelite"]
[Result "0-1"]
[WhiteElo "2451"]
[BlackElo "2498"]
[PlyCount "68"]
[EventDate "2021.??.??"]
[EventType "blitz"]

1. e4 e5 2. Nf3 d5 3. Nxe5 Bd6 4. d4 dxe4 5. c4 Bxe5 6. dxe5 Qxd1+ 7. Kxd1 Nc6
8. Nc3 Nge7 9. Nxe4 Nxe5 10. Bf4 N7g6 11. Bg3 Bf5 12. f3 O-O-O+ 13. Kc2 Bxe4+
14. fxe4 Rhe8 15. Be2 Rd4 16. b3 Rxe4 17. Bd3 Nxd3 18. Kxd3 Re3+ 19. Kc2 Re2+
20. Kc3 c5 21. Rhd1 R8e3+ 22. Rd3 Rxd3+ 23. Kxd3 Rxg2 24. Rf1 f6 25. a4 h5 26.
a5 Kd7 27. a6 bxa6 28. Bb8 Kc8 29. Bxa7 Rxh2 30. Bxc5 Rh3+ 31. Kc2 h4 32. Bd6
Kd7 33. Rg1 Kxd6 34. Rxg6 Rg3 {Normal} 0-1

[Event "Rated Blitz game"]
[Site "?"]
[Date "2021.11.30"]
[Round "?"]
[White "GoodBoyBishop"]
[Black "Roberto_Baggio1978"]
[Result "0-1"]
[WhiteElo "2627"]
[BlackElo "2575"]
[PlyCount "126"]
[EventDate "2021.??.??"]
[EventType "blitz"]

1. e4 e5 2. Nf3 d5 3. exd5 e4 4. Qe2 Nf6 5. Nc3 Be7 6. Nxe4 O-O 7. Nc3 Re8 8.
Qc4 b5 9. Qb3 b4 10. Ne2 a5 11. a4 Nxd5 12. d3 c5 13. Bd2 Nc6 14. O-O-O Be6 15.
Qc4 Nc3 16. Bxc3 Bxc4 17. dxc4 bxc3 18. Rxd8 cxb2+ 19. Kxb2 Rexd8 20. Kc1 Bf6
21. Nf4 Rab8 22. Nd5 Bb2+ 23. Kd2 Nb4 24. Bd3 Nxd5 25. cxd5 Rxd5 26. Ke3 Re8+
27. Kf4 h6 28. h4 Rd6 29. Rb1 Bd4 30. Rb5 Bxf2 31. Rxa5 Rb6 32. Kg4 Rb4+ 33.
Kh3 c4 34. Bf5 g6 35. Bd7 Re3 36. Ra8+ Kg7 37. a5 c3 38. Kh2 Re2 39. a6 Rxc2
40. a7 Ra2 41. Rc8 Rxa7 42. Bg4 Rxg4 43. Rxc3 Bxh4 44. Kh3 Bf6 45. Rc6 Rf4 46.
Rd6 Ra3 47. Rd5 Raxf3+ 48. gxf3 Rxf3+ 49. Kg4 Rf5 50. Rd4 h5+ 51. Kg3 Bxd4 52.
Kh3 Rf3+ 53. Kg2 Re3 54. Kh2 h4 55. Kg2 g5 56. Kh2 g4 57. Kg2 Kg6 58. Kh2 Be5+
59. Kg2 Re2+ 60. Kf1 Ra2 61. Ke1 h3 62. Kf1 h2 63. Ke1 h1=Q# {Normal} 0-1

[Event "Rated Blitz game"]
[Site "?"]
[Date "2021.11.30"]
[Round "?"]
[White "NOELDelaCruz"]
[Black "seph_osorio79"]
[Result "1-0"]
[WhiteElo "2524"]
[BlackElo "2295"]
[PlyCount "59"]
[EventDate "2021.??.??"]
[EventType "blitz"]

1. e4 e5 2. Nf3 d5 3. Nxe5 Qe7 4. d4 f6 5. Nd3 dxe4 6. Nf4 g6 7. c4 Nc6 8. Nc3
Bd7 9. Nfd5 Qd8 10. Bf4 Bd6 11. Bxd6 cxd6 12. Nb5 Qa5+ 13. Qd2 Qxd2+ 14. Kxd2
O-O-O 15. Nxd6+ Kb8 16. Nf7 Nge7 17. Nxh8 Nxd5 18. cxd5 Nxd4 19. Nf7 Rc8 20.
Rc1 Rf8 21. Nd6 Rd8 22. Nxe4 Bf5 23. Nc3 a6 24. Bd3 Bd7 25. Rhe1 b5 26. a3 Bc8
27. Re7 Bb7 28. Ke3 Nf5+ 29. Bxf5 gxf5 30. Rd1 {Normal} 1-0

[Event "Rated Blitz tournament jtdGuq9z"]
[Site "?"]
[Date "2021.11.30"]
[Round "?"]
[White "DoublV"]
[Black "dr_xStranger"]
[Result "0-1"]
[WhiteElo "2301"]
[BlackElo "2663"]
[PlyCount "22"]
[EventDate "2021.??.??"]
[EventType "blitz"]

1. e4 e5 2. Nf3 d5 3. exd5 e4 4. Qe2 Nf6 5. d3 Bb4+ 6. Bd2 O-O 7. Bxb4 exf3 8.
Qxf3 Re8+ 9. Kd2 Nxd5 10. Bc3 Qg5+ 11. Kd1 Bg4 {Normal} 0-1

[Event "Rated Blitz tournament wFOvuj8x"]
[Site "?"]
[Date "2021.11.30"]
[Round "?"]
[White "stambul65"]
[Black "cuerosky"]
[Result "1-0"]
[WhiteElo "2494"]
[BlackElo "2218"]
[PlyCount "45"]
[EventDate "2021.??.??"]
[EventType "blitz"]

1. e4 e5 2. Nf3 d5 3. d4 dxe4 4. Nxe5 Bd6 5. Nc4 Nf6 6. Nc3 O-O 7. Bg5 Bf5 8.
g4 Bg6 9. h4 h6 10. Be3 Re8 11. g5 hxg5 12. hxg5 Nh7 13. Qg4 Nc6 14. O-O-O Qc8
15. Qh4 Qf5 16. Bh3 Qf3 17. Bg4 Qg2 18. Rdg1 Qxg1+ 19. Rxg1 a6 20. Nxd6 cxd6
21. Nd5 Rac8 22. Rh1 b5 23. Bxc8 {Normal} 1-0

[Event "Rated Blitz game"]
[Site "?"]
[Date "2021.11.30"]
[Round "?"]
[White "bouchy2500"]
[Black "khalid_ontawar"]
[Result "0-1"]
[WhiteElo "2444"]
[BlackElo "2506"]
[PlyCount "62"]
[EventDate "2021.??.??"]
[EventType "blitz"]

1. e4 e5 2. Nf3 d5 3. exd5 Qxd5 4. Nc3 Qe6 5. Bb5+ c6 6. Ba4 Bc5 7. O-O Nf6 8.
Nxe5 O-O 9. Re1 Qd6 10. Bb3 Be6 11. Bxe6 fxe6 12. Nc4 Bxf2+ 13. Kh1 Qc7 14.
Rxe6 Nbd7 15. d3 b5 16. Ne3 Rae8 17. Rxe8 Rxe8 18. Qf3 Bxe3 19. Bxe3 Ne5 20.
Qg3 Nh5 21. Qh3 g6 22. Ne4 Rf8 23. Kg1 Qe7 24. Re1 Qb4 25. Qe6+ Nf7 26. Bd2
Qd4+ 27. Kh1 Qe5 28. Qxc6 Qf5 29. Bc3 Ne5 30. Ng3 Nxg3+ 31. hxg3 Nxc6 {Normal}
0-1

[Event "Rated Blitz game"]
[Site "?"]
[Date "2021.11.30"]
[Round "?"]
[White "PPaiva"]
[Black "BrilliantGambiteer"]
[Result "1-0"]
[WhiteElo "2448"]
[BlackElo "2337"]
[PlyCount "43"]
[EventDate "2021.??.??"]
[EventType "blitz"]

1. e4 e5 2. Nf3 d5 3. Nxe5 Bd6 4. d4 dxe4 5. Nc4 Nf6 6. Nc3 O-O 7. Bg5 Re8 8.
Be2 h6 9. Bh4 g5 10. Bg3 Bf5 11. Qd2 Kg7 12. O-O-O Nc6 13. h4 g4 14. Nxd6 cxd6
15. Bf4 Rh8 16. f3 d5 17. Be5 Kg6 18. h5+ Kh7 19. Qf4 Qd7 20. Bxf6 Rhg8 21.
fxe4 dxe4 22. d5 {Normal} 1-0

[Event "Rated Blitz game"]
[Site "?"]
[Date "2021.11.30"]
[Round "?"]
[White "Prommizex"]
[Black "rubengilmondelo64"]
[Result "1-0"]
[WhiteElo "2408"]
[BlackElo "2265"]
[PlyCount "40"]
[EventDate "2021.??.??"]
[EventType "blitz"]

1. e4 e5 2. Nf3 d5 3. exd5 e4 4. Nd4 Nf6 5. Bc4 Be7 6. O-O O-O 7. d3 c6 8. dxe4
cxd5 9. exd5 Nxd5 10. Qf3 Nf6 11. Nf5 Bc5 12. Nc3 Nc6 13. Be3 Ne5 14. Nh6+ Kh8
15. Qf4 Bxe3 16. fxe3 Nxc4 17. Qxc4 gxh6 18. Rad1 Qe7 19. Qd4 Kg7 20. Nd5 Qe6 {
Normal} 1-0

[Event "Rated Blitz game"]
[Site "?"]
[Date "2021.11.30"]
[Round "?"]
[White "Prommizex"]
[Black "rubengilmondelo64"]
[Result "1-0"]
[WhiteElo "2421"]
[BlackElo "2251"]
[PlyCount "69"]
[EventDate "2021.??.??"]
[EventType "blitz"]

1. e4 e5 2. Nf3 d5 3. exd5 e4 4. Nd4 Nf6 5. d3 Be7 6. Nc3 O-O 7. dxe4 Re8 8.
Bd3 c6 9. O-O cxd5 10. exd5 Nxd5 11. Nxd5 Qxd5 12. Nf3 Qh5 13. h3 Nc6 14. c3
Bc5 15. Re1 Bxh3 16. Rxe8+ Rxe8 17. gxh3 Qxh3 18. Be3 Bxe3 19. fxe3 Rxe3 20.
Kf2 Re6 21. Qh1 Qg4 22. Qxh7+ Kf8 23. Qh8+ Ke7 24. Qh4+ Qxh4+ 25. Nxh4 g5 26.
Nf5+ Kf6 27. Re1 Ne5 28. Bb1 Ng4+ 29. Kf1 Rb6 30. Re2 Ne5 31. Nd4 g4 32. Kg2
Kg5 33. Rxe5+ Kf4 34. Re4+ Kg5 35. Re2 {Normal} 1-0

[Event "Rated Blitz game"]
[Site "?"]
[Date "2021.11.30"]
[Round "?"]
[White "SCORPIO_2021"]
[Black "batasjon"]
[Result "1-0"]
[WhiteElo "2500"]
[BlackElo "2442"]
[PlyCount "57"]
[EventDate "2021.??.??"]
[EventType "blitz"]

1. e4 e5 2. Nf3 d5 3. exd5 e4 4. Qe2 Nf6 5. Nc3 Be7 6. Nxe4 O-O 7. d3 Re8 8. c4
c6 9. dxc6 Nxc6 10. Be3 Bg4 11. h3 Bb4+ 12. Kd1 Rxe4 13. hxg4 Rxc4 14. Rc1 b5
15. b3 Rxc1+ 16. Kxc1 Ba3+ 17. Kb1 Rc8 18. d4 Nxd4 19. Qd3 Ne6 20. g5 Qxd3+ 21.
Bxd3 Nd5 22. Bxh7+ Kf8 23. Bf5 Nc3+ 24. Ka1 Ke7 25. Nd4 Nxd4 26. Bxd4 Rc7 27.
Bxg7 Nd1 28. Bf6+ Kd6 29. Rxd1+ {Normal} 1-0

[Event "Rated Blitz game"]
[Site "?"]
[Date "2021.11.30"]
[Round "?"]
[White "NyNucense"]
[Black "JHuNnYx"]
[Result "1-0"]
[WhiteElo "2414"]
[BlackElo "2439"]
[PlyCount "49"]
[EventDate "2021.??.??"]
[EventType "blitz"]

1. e4 e5 2. Nf3 d5 3. Nxe5 dxe4 4. Bc4 Qg5 5. Bxf7+ Ke7 6. d4 Qxg2 7. Rf1 Nc6
8. Bc4 Nf6 9. Bf4 Be6 10. d5 Rd8 11. Nc3 Nxe5 12. Bxe5 c6 13. Qd4 cxd5 14. Be2
Qg5 15. f4 exf3 16. Rxf3 Nd7 17. Bf4 Qf6 18. Nxd5+ Bxd5 19. Qxd5 Qxb2 20. Qd6+
Ke8 21. Qe6+ Be7 22. Bd6 Qxa1+ 23. Kf2 Qd4+ 24. Kf1 Qxd6 25. Qf7# {Normal} 1-0

[Event "Rated Blitz game"]
[Site "?"]
[Date "2021.11.30"]
[Round "?"]
[White "LevPaukman"]
[Black "Roberto_Baggio1978"]
[Result "1-0"]
[WhiteElo "2519"]
[BlackElo "2583"]
[PlyCount "63"]
[EventDate "2021.??.??"]
[EventType "blitz"]

1. e4 e5 2. Nf3 d5 3. Nxe5 Bd6 4. d4 dxe4 5. Nc4 Nf6 6. Nxd6+ Qxd6 7. Be2 O-O
8. O-O Nc6 9. Be3 Ne7 10. c4 Ng6 11. Nc3 Re8 12. Qc2 h5 13. h3 Nh4 14. c5 Qd8
15. Bg5 Nf5 16. d5 b6 17. Bb5 Nd4 18. Qa4 Nxb5 19. Qxb5 Qd7 20. Qxd7 Bxd7 21.
c6 Bf5 22. Bxf6 gxf6 23. Rad1 Rad8 24. Rfe1 Bg6 25. Rd4 f5 26. Nb5 Re7 27. Rc1
f4 28. d6 cxd6 29. c7 Rc8 30. Rxd6 Kg7 31. Rd8 Rexc7 32. Rxc8 {Normal} 1-0

[Event "Rated Blitz game"]
[Site "?"]
[Date "2021.11.30"]
[Round "?"]
[White "berci2007"]
[Black "EEberhart"]
[Result "1/2-1/2"]
[WhiteElo "2421"]
[BlackElo "2264"]
[PlyCount "166"]
[EventDate "2021.??.??"]
[EventType "blitz"]

1. e4 e5 2. Nf3 d5 3. Nxe5 Bd6 4. d4 dxe4 5. Nc4 Nf6 6. Nc3 Bb4 7. Be2 Nc6 8.
Be3 O-O 9. O-O Bxc3 10. bxc3 Be6 11. Bg5 h6 12. Bh4 g5 13. Bg3 Nd5 14. Qd2 f5
15. Be5 Nxe5 16. Nxe5 Nf4 17. Rfd1 Qf6 18. Bc4 Ng6 19. Bxe6+ Qxe6 20. Nxg6 Qxg6
21. c4 Rad8 22. d5 c6 23. d6 c5 24. Qd5+ Kh8 25. Qxc5 Rc8 26. Qe5+ Qg7 27.
Qxg7+ Kxg7 28. Rab1 b6 29. Rd4 Rfd8 30. Rb5 Kf6 31. Kf1 Ke6 32. Rbd5 Rc6 33. f3
exf3 34. gxf3 Rcxd6 35. Ke2 Rxd5 36. cxd5+ Rxd5 37. Rc4 Rc5 38. Rxc5 bxc5 39.
c4 Ke5 40. Ke3 g4 41. f4+ Kf6 42. Kf2 Ke6 43. Ke3 Kd6 44. Kd3 Kc6 45. Kc3 Kb6
46. Kb3 h5 47. Kc3 Ka5 48. Kd3 h4 49. Ke3 Ka4 50. Ke2 Ka3 51. Ke3 Kxa2 52. Kf2
Kb3 53. Kg2 a5 54. h3 gxh3+ 55. Kxh3 a4 56. Kxh4 a3 57. Kg5 a2 58. Kxf5 a1=Q
59. Kg5 Qd4 60. f5 Qxc4 61. f6 Qf7 62. Kf5 c4 63. Ke5 c3 64. Kf5 c2 65. Ke4
c1=Q 66. Ke5 Qh6 67. Ke4 Qhxf6 68. Ke3 Q7e6+ 69. Kd3 Qd4+ 70. Kxd4 Qc4+ 71. Ke5
Kb4 72. Kd6 Qc5+ 73. Ke6 Kb5 74. Kf7 Qc6 75. Ke7 Kc5 76. Kf7 Qd6 77. Kg7 Kd5
78. Kh7 Qe6 79. Kg7 Ke5 80. Kf8 Qf5+ 81. Kg7 Ke6 82. Kh6 Qf6+ 83. Kh7 Kf7 {
Normal} 1/2-1/2